¡Ponte las pilas! /

Na minha lista:
Detalhes bibliográficos
Autor principal: Race, Phil (autor)
Formato: Livro
Idioma:espanhol
Publicado em: Barcelona, España : Gedisa, 2003, c2003
Colecção:(Biblioteca de Educación Gedisa. Herramientas Universitarias ; 11)
Assuntos:
Tags: Adicionar Tag
Sem tags, seja o primeiro a adicionar uma tag!

MARC

LEADER 00000nam^a2200000^a^4500
001 000153952
005 20250521000000.0
009 20260310100336.851
020 |a 84-7432-732-5 
037 |a Acervo ITESO - Biblioteca 
041 |a ESP 
082 |a 378. 1702812  |b RAC 
100 |a Race, Phil  |e (autor) 
245 1 1 |a ¡Ponte las pilas! /  |c P. Race ; tr. por Roc Filella Escolà. 
264 4 |a Barcelona, España :  |b Gedisa,  |c 2003, c2003 
300 |a 222 p. 
336 |a texto  |b txt  |2 rdacontenido 
337 |a sin mediación  |b n  |2 rdamedio 
338 |a volumen  |b nc  |2 rdasoporte 
440 1 |a (Biblioteca de Educación Gedisa.  |p Herramientas Universitarias ;  |v 11) 
500 |a Traducción de: How to Win as a Final-Year Student. Essays, Exams and Employment 
649 |a XX 
650 |a Alumnos -  |x Condiciones Sociales y Culturales 
650 |a Pasantes -  |x Condiciones Sociales y Culturales 
650 |a Orientación Escolar 
650 |a Orientación Vocacional 
650 |a Actividades Curriculares 
650 |a Servicios a Alumnos 
650 |a Promoción de Alumnos 
650 |a Tesis -  |x Metodología 
650 |a Titulación 
650 |a Certificación Educativa 
650 |a Eficiencia Terminal 
650 |a Desarrollo Profesional 
650 |a Administración Educativa 
650 |a Aprendizaje 
650 |a Psicología Cognitiva 
650 |a Habilidades de Pensamiento 
650 |a Competencias (Educación) 
650 |a Objetivo Educativo 
650 |a Proceso Educativo 
650 |a Sector Productivo y Educación 
650 |a Educación Formal 
650 |a Educación Superior 
650 |a Educación 
910 |a Fondo General 
920 |a Impresos - Libros 
930 |a Colección General 
905 |a 101 
901 |a 0500086100  |b IT1  |c ACC  |u 20250521 
902 |a https://opac.biblio.iteso.mx/vufind/Record/000153952